Zombie take away / (Record no. 288999)
[ view plain ]
| 000 -LEADER | |
|---|---|
| fixed length control field | 01434nam a2200409 i 4500 |
| 001 - CONTROL NUMBER | |
| control field | dti9781627248686 |
| 003 - CONTROL NUMBER IDENTIFIER | |
| control field | DLC-MRC |
| 005 - DATE AND TIME OF LATEST TRANSACTION | |
| control field | 20200320195044.0 |
| 008 - FIXED-LENGTH DATA ELEMENTS--GENERAL INFORMATION | |
| fixed length control field | 150506s2016 nyua j b 001 0 eng c |
| 010 ## - LIBRARY OF CONGRESS CONTROL NUMBER | |
| LC control number | 2015017491 |
| 020 ## - INTERNATIONAL STANDARD BOOK NUMBER | |
| International Standard Book Number | 9781627248686 (library binding) : |
| Terms of availability | 19.95 |
| 020 ## - INTERNATIONAL STANDARD BOOK NUMBER | |
| International Standard Book Number | 1627248684 (library binding) |
| 040 ## - CATALOGING SOURCE | |
| Original cataloging agency | NJQ/DLC |
| Language of cataloging | eng |
| Transcribing agency | NJQ |
| Modifying agency | DLC |
| -- | TnJaDT |
| Description conventions | rda |
| 042 ## - AUTHENTICATION CODE | |
| Authentication code | pcc |
| 050 00 - LIBRARY OF CONGRESS CALL NUMBER | |
| Classification number | QA115 |
| Item number | .B835 2016 |
| 082 00 - DEWEY DECIMAL CLASSIFICATION NUMBER | |
| Classification number | 513.2 |
| Edition number | 23 |
| 100 1# - MAIN ENTRY--PERSONAL NAME | |
| Personal name | Brinker, Spencer, |
| Relator term | author. |
| 9 (RLIN) | 5815218 |
| 245 10 - TITLE STATEMENT | |
| Title | Zombie take away / |
| Statement of responsibility, etc | by Spencer Brinker. |
| 264 #1 - Production, Publication, Distribution, Manufacture, and Copyright Notice. | |
| Place of production, publication, distribution, manufacture | New York, New York : |
| Name of producer, publisher, distributor, manufacturer | Bearport Publishing, |
| Date of production, publication, distribution, manufacture, or copyr | [2016] |
| 300 ## - PHYSICAL DESCRIPTION | |
| Extent | 32 pages : |
| Other physical details | color illustrations ; |
| Dimensions | 23 cm. |
| 336 ## - Content Type | |
| Content type term | text |
| 337 ## - Media type | |
| Media type term | unmediated |
| 338 ## - Carrier type | |
| Carrier type term | volume |
| 490 1# - SERIES STATEMENT | |
| Series statement | Spooky math |
| 504 ## - BIBLIOGRAPHY, ETC. NOTE | |
| Bibliography, etc | Includes bibliographical references and index. |
| 520 ## - SUMMARY, ETC. | |
| Summary, etc | "In this book, readers learn how to subtract with a zombie named Zelda."-- |
| -- | Provided by publisher. |
| 521 8# - TARGET AUDIENCE NOTE | |
| Target audience note | K. |
| Source | Fountas and Pinnell. |
| 521 1# - TARGET AUDIENCE NOTE | |
| Target audience note | Ages 4-8. |
| 650 #0 - SUBJECT ADDED ENTRY--TOPICAL TERM | |
| Topical term or geographic name as entry element | Subtraction. |
| 9 (RLIN) | 5907370 |
| 650 #0 - SUBJECT ADDED ENTRY--TOPICAL TERM | |
| Topical term or geographic name as entry element | Arithmetic. |
| 9 (RLIN) | 5907371 |
| 650 #0 - SUBJECT ADDED ENTRY--TOPICAL TERM | |
| Topical term or geographic name as entry element | Zombies. |
| 9 (RLIN) | 5907372 |
| 800 1# - SERIES ADDED ENTRY--PERSONAL NAME | |
| Personal name | Brinker, Spencer. |
| Title of a work | Spooky math. |
| 9 (RLIN) | 5907373 |
| 942 ## - ADDED ENTRY ELEMENTS (KOHA) | |
| Koha item type | BOOK |
| 948 ## - LOCAL PROCESSING INFORMATION (OCLC); SERIES PART DESIGNATOR (RLIN) | |
| Series part designator, SPT (RLIN) | 03/04/2016 |
| z (OCLC) | Sirsi |
| 949 ## - LOCAL PROCESSING INFORMATION (OCLC) | |
| d | 513.2 Bri |
| p | 19.95 |
| 996 ## - | |
| -- | 128959 |
| -- | 34301001470519 |
| -- | E |
| -- | bk |
| -- | wcl |
| -- | m |
| -- | 8 |
| -- | 19.95 |
| -- | davidson |
| -- | Bri |
| -- | 04/20/2016 |
| -- | 12/17/2018 |
| -- | 10/24/2018 |
| Withdrawn status | Lost status | Source of classification or shelving scheme | Damaged status | Not for loan | Collection code | Home library | Current library | Shelving location | Date acquired | Cost, normal purchase price | Total Checkouts | Total Renewals | Full call number | Barcode | Date last seen | Date checked out | Cost, replacement price | Price effective from | Koha item type |
|---|---|---|---|---|---|---|---|---|---|---|---|---|---|---|---|---|---|---|---|
| Dewey Decimal Classification | Children Holiday Books | Wasatch County Library | Wasatch County Library | Main Floor Childrens Area | 04/20/2016 | 19.95 | 21 | 10 | E Halloween Brinker | 34301001470519 | 02/03/2026 | 10/27/2025 | 19.95 | 03/20/2020 | BOOK |
